[Event "Stuttgarter Stadtmeisterschaft"]
[Site "Ditzingen"]
[Date "2008.05.01"]
[Round "2.28"]
[White "Pillath, Marcus"]
[Black "Riepert, Steffen"]
[Result "1/2-1/2"]
[WhiteElo "1738"]
[BlackElo "1579"]
[PlyCount "98"]
[EventDate "2008.05.??"]
[EventType "swiss"]
[EventRounds "7"]
[EventCountry "GER"]

1. d4 Nf6 2. Nf3 e6 3. Bf4 d5 4. e3 c5 5. c3 Nc6 6. Nbd2 Bd7 7. Be2 cxd4 8.
exd4 Be7 9. O-O O-O 10. h3 Na5 11. Nb3 Nc4 12. Rb1 Ba4 13. Nfd2 Rc8 14. Qe1
Nxd2 15. Nxd2 Re8 16. Rc1 Bd6 17. Bxd6 Qxd6 18. Bd1 Bc6 19. Nf3 Nd7 20. Qd2 e5
21. dxe5 Nxe5 22. Re1 Nc4 23. Rxe8+ Rxe8 24. Qc2 h6 25. b3 Ne5 26. Nxe5 Rxe5
27. Bf3 Re8 28. Qd2 Qe5 29. Qd4 f6 30. Qxa7 Qf4 31. Rd1 Qe5 32. Qd4 Rd8 33.
Qxe5 fxe5 34. Rd2 Rd7 35. Bg4 Rd6 36. Bf3 g6 37. Kf1 h5 38. Ke1 Kf7 39. a4 Ke7
40. Be2 d4 41. cxd4 exd4 42. f3 Kf6 43. Bd3 Bd7 44. Re2 Bf5 45. Kd2 Re6 46.
Rxe6+ Bxe6 47. Bc2 g5 48. a5 Ke5 49. b4 h4 1/2-1/2

[Event "Stuttgarter Stadtmeisterschaft"]
[Site "Ditzingen"]
[Date "2008.05.01"]
[Round "2.29"]
[White "Preiss, Wolfgang"]
[Black "Schmitz, Harald"]
[Result "1-0"]
[WhiteElo "1731"]
[BlackElo "1559"]
[PlyCount "81"]
[EventDate "2008.05.??"]
[EventType "swiss"]
[EventRounds "7"]
[EventCountry "GER"]

1. d4 d5 2. c4 dxc4 3. e4 e5 4. d5 Nf6 5. Nc3 a6 6. Bxc4 b5 7. Bb3 Bb4 8. Bg5
h6 9. Bxf6 Qxf6 10. Qf3 Qxf3 11. Nxf3 Bd6 12. Rc1 O-O 13. O-O Nd7 14. a4 Nc5
15. Bc2 b4 16. Nd1 a5 17. b3 Ba6 18. Re1 Rfe8 19. Ne3 Bd3 20. Nd2 Rec8 21. Nf5
Ba6 22. Re3 Kh7 23. Rh3 Bf8 24. Bd1 Nd3 25. Rc6 Bb7 26. Rxd3 Bxc6 27. dxc6 Rd8
28. Rd5 g6 29. Ne3 f5 30. Bf3 Rxd5 31. Nxd5 Ra6 32. exf5 gxf5 33. Nxc7 Ra7 34.
Ne6 Bd6 35. Bd5 e4 36. Nc4 Bc7 37. Kf1 Kg6 38. Ke2 Kf6 39. Ke3 h5 40. h4 Ke7
41. Kd4 1-0

[Event "Stuttgarter Stadtmeisterschaft"]
[Site "Ditzingen"]
[Date "2008.05.01"]
[Round "2.30"]
[White "Funk, Patrick"]
[Black "Wendland, Viktor"]
[Result "0-1"]
[WhiteElo "1723"]
[BlackElo "1469"]
[PlyCount "106"]
[EventDate "2008.05.??"]
[EventType "swiss"]
[EventRounds "7"]
[EventCountry "GER"]

1. c4 c6 2. Nc3 Nf6 3. e4 d5 4. e5 Ng8 5. d4 e6 6. Nf3 Ne7 7. Bg5 Qb6 8. Na4
Qa5+ 9. Bd2 Qd8 10. c5 Ng6 11. Bg5 Be7 12. Bxe7 Qxe7 13. Bd3 Nd7 14. g3 b6 15.
b4 O-O 16. Qc2 Bb7 17. h4 f5 18. exf6 Qxf6 19. Ng5 e5 20. Bxg6 hxg6 21. O-O e4
22. Nc3 Rae8 23. Qd2 Ba6 24. b5 Bb7 25. Rfc1 bxc5 26. bxc6 Bxc6 27. dxc5 d4 28.
Ncxe4 Bxe4 29. Nxe4 Rxe4 30. c6 Ne5 31. Qc2 d3 32. Qb3+ Kh7 33. f4 Nxc6 34.
Qxd3 Qd4+ 35. Qxd4 Nxd4 36. Rc7 a5 37. Ra7 a4 38. Kf2 a3 39. Rd1 Rfe8 40. Rxa3
Nc2 41. Ra7 Re2+ 42. Kg1 Ne3 43. Rdd7 Rg8 44. a4 Rg2+ 45. Kh1 Rxg3 46. Kh2 Nf5
47. Rf7 Ra3 48. h5 Rd8 49. hxg6+ Kxg6 50. Rfd7 Re8 51. Rd1 Re2+ 52. Kg1 Rg3+
53. Kf1 Rh2 0-1

[Event "Stuttgarter Stadtmeisterschaft"]
[Site "Ditzingen"]
[Date "2008.05.01"]
[Round "2.31"]
[White "Kaulich, Philipp Theodor"]
[Black "Carlacci, Umberto"]
[Result "1/2-1/2"]
[WhiteElo "1697"]
[BlackElo "1551"]
[PlyCount "131"]
[EventDate "2008.05.??"]
[EventType "swiss"]
[EventRounds "7"]
[EventCountry "GER"]

1. e4 e6 2. d4 d5 3. e5 c5 4. c3 Qb6 5. Nf3 Bd7 6. a3 Bb5 7. Bd3 Bxd3 8. Qxd3
Qa6 9. Qxa6 Nxa6 10. Be3 cxd4 11. cxd4 Ne7 12. Nc3 Nc7 13. O-O Nc6 14. Rac1 Be7
15. Na4 O-O 16. Nc5 Bxc5 17. Rxc5 Rab8 18. b4 Rfc8 19. Rfc1 Ne8 20. Bg5 h6 21.
Bh4 f6 22. exf6 gxf6 23. Kf1 Ne7 24. Nd2 Rxc5 25. Rxc5 Rc8 26. Nb3 b6 27. Rxc8
Nxc8 28. Bg3 Ncd6 29. Ke2 Kf7 30. f3 Kg6 31. a4 Kf5 32. a5 e5 33. Bf2 e4 34.
fxe4+ Nxe4 35. Be3 h5 36. Kd3 N8d6 37. h3 Nb5 38. Nd2 Nbd6 39. Nxe4 dxe4+ 40.
Kc3 Ke6 41. Bf4 f5 42. g3 Kd5 43. Bxd6 Kxd6 44. axb6 axb6 45. Kc4 b5+ 46. Kc3
Kd5 47. h4 Kd6 48. Kd2 Kc6 49. Kc2 Kd5 50. Kc3 e3 51. Kd3 e2 52. Kxe2 Kxd4 53.
Kf3 Kc4 54. Kf4 Kxb4 55. Kxf5 Kc3 56. g4 b4 57. gxh5 b3 58. h6 b2 59. Kf6 b1=Q
60. Kg7 Qg1+ 61. Kh8 Kb4 62. h7 Qg4 63. h5 Qxh5 64. Kg8 Qh6 65. h8=Q Qe6+ 66.
Kg7 1/2-1/2

[Event "Stuttgarter Stadtmeisterschaft"]
[Site "Ditzingen"]
[Date "2008.05.01"]
[Round "2.32"]
[White "Novak, Josua"]
[Black "Faerber, Eric"]
[Result "0-1"]
[WhiteElo "1653"]
[BlackElo "1503"]
[PlyCount "50"]
[EventDate "2008.05.??"]
[EventType "swiss"]
[EventRounds "7"]
[EventCountry "GER"]

1. e4 e5 2. Nf3 Nf6 3. Nxe5 d6 4. Nf3 Nxe4 5. Nc3 Nxc3 6. dxc3 Be7 7. Be3 O-O
8. Qd2 Nd7 9. O-O-O Ne5 10. Kb1 Nxf3 11. gxf3 Be6 12. Bh6 f5 13. Rg1 Bf6 14.
Bd3 Kh8 15. Bg5 Bxg5 16. Rxg5 f4 17. Rdg1 Rf7 18. Rh5 h6 19. Qe2 Re7 20. Qf1
Qd7 21. Qg2 Rae8 22. Qg6 Bf5 23. Rxh6+ Kg8 24. Qxe8+ Qxe8 25. Bc4+ Be6 0-1

[Event "Stuttgarter Stadtmeisterschaft"]
[Site "Ditzingen"]
[Date "2008.05.01"]
[Round "2.33"]
[White "Auterhoff, Jürgen"]
[Black "Lin, Jean-Claude"]
[Result "1-0"]
[WhiteElo "1891"]
[BlackElo "1396"]
[PlyCount "79"]
[EventDate "2008.05.??"]
[EventType "swiss"]
[EventRounds "7"]
[EventCountry "GER"]

1. e4 e5 2. Nc3 Nf6 3. Bc4 Nc6 4. d3 Bb4 5. Nge2 Na5 6. a3 Bxc3+ 7. Nxc3 Nxc4
8. dxc4 d6 9. Bg5 h6 10. Bh4 g5 11. Bg3 Be6 12. Qe2 Qe7 13. Nd5 Bxd5 14. cxd5
O-O-O 15. f3 Nd7 16. Bf2 Kb8 17. a4 Rc8 18. O-O c6 19. c4 h5 20. b4 c5 21. b5
Rc7 22. Rfb1 Kc8 23. Be1 Nb8 24. b6 axb6 25. Rxb6 Na6 26. Qb2 f5 27. Rb1 Rh7
28. Ba5 Nb4 29. Bxb4 cxb4 30. Qxb4 fxe4 31. fxe4 g4 32. Rxd6 Qg5 33. Qc3 Rhf7
34. Qd3 Rf4 35. Re6 Rcf7 36. d6 Qd8 37. Rxe5 Rd7 38. Rc5+ Kb8 39. e5 Rg7 40. e6
1-0

[Event "Stuttgarter Stadtmeisterschaft"]
[Site "Ditzingen"]
[Date "2008.05.01"]
[Round "2.34"]
[White "Brosig, Michael"]
[Black "Cofman, Veaceslav"]
[Result "0-1"]
[WhiteElo "1504"]
[BlackElo "1894"]
[PlyCount "72"]
[EventDate "2008.05.??"]
[EventType "swiss"]
[EventRounds "7"]
[EventCountry "GER"]

1. c4 e5 2. Nf3 Nc6 3. Nc3 Nf6 4. d4 exd4 5. Nxd4 Bc5 6. Nxc6 bxc6 7. Bf4 O-O
8. e3 d5 9. Be2 Bd6 10. Bg5 Be6 11. cxd5 Bxd5 12. Nxd5 cxd5 13. O-O c6 14. Rc1
h6 15. Bh4 g5 16. Bg3 Bxg3 17. hxg3 Qd6 18. Qa4 c5 19. Bf3 a6 20. Rfd1 Rab8 21.
b3 Rfd8 22. Rd3 Rd7 23. Rcd1 Rbd8 24. Kf1 Qe6 25. a3 Rd6 26. R1d2 Qf5 27. e4
Qe5 28. exd5 Nxd5 29. Bxd5 Rxd5 30. Rxd5 Rxd5 31. Rxd5 Qxd5 32. f4 Qd3+ 33. Kf2
Kg7 34. Qc4 Qd2+ 35. Kf3 f5 36. Qxa6 g4# 0-1

[Event "Stuttgarter Stadtmeisterschaft"]
[Site "Ditzingen"]
[Date "2008.05.01"]
[Round "2.35"]
[White "Rix, Michael"]
[Black "Romer, Reinhard"]
[Result "1-0"]
[WhiteElo "1820"]
[BlackElo "1516"]
[PlyCount "47"]
[EventDate "2008.05.??"]
[EventType "swiss"]
[EventRounds "7"]
[EventCountry "GER"]

1. d4 Nf6 2. Nf3 e6 3. e3 b6 4. Bd3 Bb7 5. Nbd2 h6 6. e4 d6 7. O-O Be7 8. e5
dxe5 9. dxe5 Nh7 10. Ne4 O-O 11. Qe2 Nd7 12. Bf4 Qe8 13. Rad1 Rd8 14. c3 f6 15.
exf6 Nhxf6 16. Nxf6+ Rxf6 17. Bxc7 Bxf3 18. gxf3 Rc8 19. Bg3 Nf8 20. Be5 Rf7
21. Bb5 Rc6 22. Qe4 Rf5 23. Bxc6 Qg6+ 24. Bg3 1-0

[Event "Stuttgarter Stadtmeisterschaft"]
[Site "Ditzingen"]
[Date "2008.05.01"]
[Round "2.36"]
[White "Florio, Antonio"]
[Black "Giugno, Carmelo"]
[Result "1-0"]
[WhiteElo "1750"]
[BlackElo "1503"]
[PlyCount "101"]
[EventDate "2008.05.??"]
[EventType "swiss"]
[EventRounds "7"]
[EventCountry "GER"]

1. d4 Nf6 2. Nf3 g6 3. c4 b6 4. g3 Bb7 5. Bg2 e6 6. O-O Bg7 7. Nc3 d6 8. Qc2
Nbd7 9. e4 c5 10. e5 dxe5 11. dxe5 Ng8 12. Nb5 Bf8 13. Rd1 a6 14. Nd6+ Bxd6 15.
Rxd6 Qc7 16. Bf4 O-O-O 17. Rad1 h6 18. Qa4 Ne7 19. g4 g5 20. Bg3 Nb8 21. Ne1
Bxg2 22. Nxg2 Nec6 23. Qb3 h5 24. gxh5 Rxh5 25. Rxd8+ Nxd8 26. Qf3 Rh8 27. Qf6
Rg8 28. Ne3 Nbc6 29. Nc2 b5 30. cxb5 axb5 31. Qf3 b4 32. Rd6 Kb8 33. Qd3 Qa5
34. Qc4 Kc7 35. Rd1 Qb6 36. b3 Nb7 37. Qd3 Rd8 38. Qf3 Rxd1+ 39. Qxd1 Nd4 40.
Nxd4 cxd4 41. Qc1+ Qc5 42. Qxg5 Kb8 43. h4 d3 44. Bf4 Qc2 45. Qe7 Kc8 46. Qxb4
Qd1+ 47. Kh2 Qg4 48. Bd2 Qf3 49. Qf4 Qe2 50. Qc4+ Kd7 51. Be3 {Rest unleserlich
} 1-0

[Event "Stuttgarter Stadtmeisterschaft"]
[Site "Ditzingen"]
[Date "2008.05.01"]
[Round "2.37"]
[White "Zimmermann, Ulrich"]
[Black "König, Torsten"]
[Result "1-0"]
[WhiteElo "1493"]
[BlackElo "1746"]
[PlyCount "101"]
[EventDate "2008.05.??"]
[EventType "swiss"]
[EventRounds "7"]
[EventCountry "GER"]

1. e4 e5 2. Nc3 Nf6 3. Bc4 Nc6 4. d3 Bc5 5. f4 d6 6. Nf3 Na5 7. fxe5 dxe5 8.
Bb3 Nxb3 9. axb3 O-O 10. Na4 Bd6 11. O-O c6 12. Bg5 b5 13. Nc3 Qb6+ 14. Kh1 Ng4
15. Qe1 Bc5 16. Nd1 h6 17. Bd2 Qc7 18. h3 Nf6 19. Nh2 Qe7 20. Qh4 Be6 21. Bxh6
Nxe4 22. Qxe4 gxh6 23. Qxe5 Bd6 24. Qh5 Kh7 25. Nc3 f5 26. Rae1 Qd7 27. Nf3 Rg8
28. Nd4 Qg7 29. Rg1 Qg3 30. Nf3 Bd7 31. Ne2 Qg7 32. c3 Raf8 33. b4 Rf6 34. Ned4
Qf8 35. Ne5 Bc8 36. Ndxc6 Qg7 37. Nd4 Bxe5 38. Rxe5 Rg6 39. Re2 Rg5 40. Qh4 Qf7
41. Nxb5 Qf6 42. Qd4 Qc6 43. Nxa7 Qb7 44. Nxc8 Qxc8 45. Re7+ Kg6 46. Qe5 Qa8
47. Re6+ Kh7 48. Qe2 Rg3 49. Re3 f4 50. Rxg3 Rxg3 51. Qe4+ 1-0

[Event "Stuttgarter Stadtmeisterschaft"]
[Site "Ditzingen"]
[Date "2008.05.01"]
[Round "2.38"]
[White "Schnorr, Elke"]
[Black "von Borstel, Andreas"]
[Result "1/2-1/2"]
[WhiteElo "1739"]
[BlackElo "1496"]
[PlyCount "63"]
[EventDate "2008.05.??"]
[EventType "swiss"]
[EventRounds "7"]
[EventCountry "GER"]

1. d4 e6 2. Nf3 c5 3. e3 Nf6 4. c3 Nc6 5. Bd3 d5 6. Nbd2 Bd7 7. O-O cxd4 8.
exd4 Bd6 9. Re1 O-O 10. Nf1 Re8 11. Ne5 Qc7 12. Nxd7 Qxd7 13. Bg5 Be7 14. Qf3
h6 15. Bd2 Bd6 16. Bxh6 Qd8 17. Bg5 Be7 18. Bxf6 Bxf6 19. Qh3 Kf8 20. Ne3 Ke7
21. Qf3 Kf8 22. Ng4 a6 23. Nxf6 Qxf6 24. Qxf6 gxf6 25. Re3 e5 26. dxe5 fxe5 27.
Rae1 f6 28. h4 Ke7 29. g4 Rh8 30. Rh3 Rag8 31. Bf5 Kd6 32. Kh2 1/2-1/2

[Event "Stuttgarter Stadtmeisterschaft"]
[Site "Ditzingen"]
[Date "2008.05.01"]
[Round "2.39"]
[White "Wolff, Sidney Robert"]
[Black "Naundorf, Jo-Jan"]
[Result "1-0"]
[WhiteElo "1715"]
[BlackElo "1479"]
[PlyCount "85"]
[EventDate "2008.05.??"]
[EventType "swiss"]
[EventRounds "7"]
[EventCountry "GER"]

1. f4 c5 2. Nf3 d6 3. b3 Nf6 4. Bb2 g6 5. e3 Bg7 6. Be2 O-O 7. O-O Nc6 8. Na3
Bf5 9. Nh4 Bd7 10. c4 e5 11. fxe5 Nxe5 12. Nf3 Nfg4 13. Nxe5 Nxe5 14. Bc3 Qg5
15. Qe1 h5 16. h4 Qe7 17. Qg3 a6 18. Rf4 Bh6 19. Bxh5 Bxf4 20. exf4 Rfe8 21.
fxe5 dxe5 22. Nc2 Kh7 23. Be2 b5 24. Ne3 b4 25. Bb2 Bc6 26. Rf1 Rad8 27. d3 f5
28. h5 f4 29. Qxg6+ Kh8 30. Ng4 Qb7 31. Qh6+ Qh7 32. Qxh7+ Kxh7 33. Nf6+ Kh6
34. Nxe8 Rxe8 35. g4 Kg5 36. Kf2 e4 37. dxe4 Bxe4 38. Bc1 Bb1 39. Bxf4+ Kxf4
40. Rxb1 Rf8 41. Bf3 Rd8 42. Rd1 Re8 43. Rd5 1-0

[Event "Stuttgarter Stadtmeisterschaft"]
[Site "Ditzingen"]
[Date "2008.05.01"]
[Round "2.40"]
[White "Trobonjaca, Milos"]
[Black "Awiszus, Thomas"]
[Result "0-1"]
[WhiteElo "1687"]
[BlackElo "1475"]
[PlyCount "90"]
[EventDate "2008.05.??"]
[EventType "swiss"]
[EventRounds "7"]
[EventCountry "GER"]

1. d4 Nf6 2. d5 e6 3. dxe6 fxe6 4. Bg5 Be7 5. g3 c6 6. Nf3 Qb6 7. Qc1 d5 8. Bg2
Qc7 9. O-O O-O 10. Nc3 e5 11. a3 Bg4 12. h3 Bh5 13. g4 Bg6 14. Nh4 Be8 15. Nf5
Bc5 16. e3 h5 17. Qd1 Nbd7 18. b4 Bb6 19. Na4 hxg4 20. hxg4 Kf7 21. Nxb6 axb6
22. Bh3 Rh8 23. Kg2 Ne4 24. Bh4 Ndf6 25. f3 Nd6 26. Bg3 Nc4 27. Qe2 Bd7 28. e4
Rhe8 29. a4 Nb2 30. Ra3 Rxa4 31. Rxa4 Nxa4 32. c4 Bxf5 33. exf5 d4 34. Rd1 Nc3
35. Qd3 Nxd1 36. Qxd1 Qe7 37. Qb3 c5 38. bxc5 bxc5 39. Qd3 e4 40. Qd1 exf3+ 41.
Qxf3 Qe2+ 42. Bf2 Qxf3+ 43. Kxf3 Ne4 44. Be1 Ng5+ 45. Kg3 Rxe1 0-1

[Event "Stuttgarter Stadtmeisterschaft"]
[Site "Ditzingen"]
[Date "2008.05.01"]
[Round "2.41"]
[White "Haro, Niel"]
[Black "Meyer, Walter"]
[Result "0-1"]
[WhiteElo "1475"]
[BlackElo "1664"]
[PlyCount "74"]
[EventDate "2008.05.??"]
[EventType "swiss"]
[EventRounds "7"]
[EventCountry "GER"]

1. e4 e6 2. d4 d5 3. exd5 exd5 4. Nf3 Bf5 5. Bd3 Bg6 6. Bf4 Bd6 7. Bxd6 Qxd6 8.
Nc3 a6 9. Qe2+ Ne7 10. O-O-O O-O 11. Ne5 Nd7 12. g4 Bxd3 13. Rxd3 f6 14. Nxd7
Qxd7 15. Re3 Ng6 16. Re1 c6 17. h4 Nxh4 18. Re7 Qd6 19. Rh1 Ng6 20. Re6 Qf4+
21. Kb1 Qxd4 22. Rd1 Qf4 23. b3 Ne5 24. Rg1 Rae8 25. Rxe8 Rxe8 26. Na4 Kf7 27.
Nc5 Nf3 28. Qd1 Nxg1 29. Qxg1 Re7 30. Nd3 Qd2 31. f4 Qe3 32. Qh1 Kg8 33. Qg2 a5
34. g5 fxg5 35. Qxg5 h6 36. Qg4 Qe4 37. Ne5 Rxe5 0-1

[Event "Stuttgarter Stadtmeisterschaft"]
[Site "Ditzingen"]
[Date "2008.05.01"]
[Round "2.42"]
[White "Ilzhöfer, Karl-Heinz"]
[Black "Parvin, Shahram"]
[Result "1-0"]
[WhiteElo "1646"]
[BlackElo "1467"]
[PlyCount "131"]
[EventDate "2008.05.??"]
[EventType "swiss"]
[EventRounds "7"]
[EventCountry "GER"]

1. e4 c5 2. Nf3 Nc6 3. c3 e5 4. Na3 Nf6 5. d3 h6 6. Nc4 d6 7. Be2 b5 8. Ne3 Bb7
9. O-O Ne7 10. d4 Bxe4 11. dxe5 Nd7 12. exd6 Nc8 13. Bxb5 Nxd6 14. Bxd7+ Qxd7
15. Ne5 Qb7 16. Qa4+ Qb5 17. Qxb5+ Nxb5 18. N3c4 f6 19. Re1 O-O-O 20. Nf7 Bd3
21. Ne3 Bd6 22. c4 Nd4 23. a4 Rhe8 24. Nxd8 Kxd8 25. Bd2 Bc7 26. Bc3 Ne2+ 27.
Kh1 Nxc3 28. bxc3 Bg6 29. Nd5 Be5 30. Ra2 Bd3 31. f4 Bxc4 32. Rd2 Bd6 33. Rxe8+
Kxe8 34. Ne3 Bxf4 35. Nxc4 Bxd2 36. Nxd2 Kd7 37. Kg1 Kd6 38. Kf2 Kd5 39. Ke3
Ke5 40. c4 f5 41. Nb3 f4+ 42. Kd3 g5 43. Nxc5 g4 44. Ne4 h5 45. c5 Kd5 46. h3
f3 47. gxf3 gxh3 48. Nf6+ Kxc5 49. Nxh5 h2 50. Ng3 Kd5 51. Ke3 Ke5 52. f4+ Kd5
53. Kf3 Ke6 54. Ke4 a6 55. f5+ Kf6 56. Kf4 Ke7 57. Ke5 Kf7 58. f6 Ke8 59. Ke6
Kf8 60. f7 a5 61. Nh1 Kg7 62. Ke7 Kg6 63. f8=Q Kg5 64. Qf3 Kh4 65. Qg3+ Kh5 66.
Kf6 1-0

[Event "Stuttgarter Stadtmeisterschaft"]
[Site "Ditzingen"]
[Date "2008.05.01"]
[Round "2.44"]
[White "Gheng, Hannelore"]
[Black "Dietsche, Birgit"]
[Result "1/2-1/2"]
[WhiteElo "1459"]
[BlackElo "1610"]
[PlyCount "74"]
[EventDate "2008.05.??"]
[EventType "swiss"]
[EventRounds "7"]
[EventCountry "GER"]

1. e4 e5 2. Nf3 Nf6 3. Nxe5 d6 4. Nf3 Nxe4 5. c3 Nc6 6. d4 d5 7. Bd3 Nf6 8. O-O
h6 9. Re1+ Be7 10. Ne5 O-O 11. Qe2 Re8 12. f4 Bd6 13. Nd2 Ne7 14. Ndf3 Nf5 15.
Qc2 Ne4 16. Bxe4 dxe4 17. Rxe4 c6 18. Qe2 Be6 19. Qe1 Bd5 20. Re2 Qc7 21. Nd3
Rxe2 22. Qxe2 Qd8 23. Bd2 Bxf3 24. Qxf3 Nh4 25. Qh5 Qf6 26. Re1 Nf5 27. g4 Nxd4
28. cxd4 Qxd4+ 29. Re3 Bxf4 30. Nxf4 Qxd2 31. Qe5 Qd1+ 32. Kf2 Qxg4 33. Rg3 f6
34. Rxg4 fxe5 35. Ne6 Kf7 36. Nc5 b6 37. Ne4 Rd8 1/2-1/2

[Event "Stuttgarter Stadtmeisterschaft"]
[Site "Ditzingen"]
[Date "2008.05.01"]
[Round "2.45"]
[White "Tessmer, Hans-Peter"]
[Black "Mainik, Philipp"]
[Result "0-1"]
[WhiteElo "1610"]
[BlackElo "1437"]
[PlyCount "64"]
[EventDate "2008.05.??"]
[EventType "swiss"]
[EventRounds "7"]
[EventCountry "GER"]

1. e4 e5 2. Nf3 Nc6 3. d4 exd4 4. Nxd4 Bc5 5. Nb3 Bb6 6. Nc3 d6 7. Bd3 Qf6 8.
Qe2 Ne5 9. Be3 Be6 10. Bxb6 axb6 11. Nd5 Bxd5 12. exd5 Ne7 13. c4 Nxd3+ 14.
Qxd3 Qxb2 15. O-O O-O 16. Rfb1 Qf6 17. Nd4 Ng6 18. Nf3 Nf4 19. Qd2 Ra3 20. Re1
Nxg2 21. Kxg2 Qxf3+ 22. Kf1 Qh1+ 23. Ke2 Re8+ 24. Kd1 Rxe1+ 25. Qxe1 Qxe1+ 26.
Kxe1 Kf8 27. Kd2 Ke7 28. Re1+ Kd7 29. Kc2 Rxa2+ 30. Kc3 Rxf2 31. Kb4 f5 32. Rg1
g6 0-1

[Event "Stuttgarter Stadtmeisterschaft"]
[Site "Ditzingen"]
[Date "2008.05.01"]
[Round "2.46"]
[White "Srokovskiy, Andrea"]
[Black "Sigmund, Wolfgang"]
[Result "1/2-1/2"]
[WhiteElo "1604"]
[BlackElo "1436"]
[PlyCount "44"]
[EventDate "2008.05.??"]
[EventType "swiss"]
[EventRounds "7"]
[EventCountry "GER"]

1. e4 e5 2. Nf3 Nc6 3. Bc4 Bc5 4. d3 d6 5. Ng5 Nh6 6. h3 Qf6 7. Nf3 Be6 8. Nc3
Nd4 9. Nd5 Bxd5 10. Bxd5 c6 11. Bb3 Nxf3+ 12. Qxf3 Qxf3 13. gxf3 f6 14. Rg1 g5
15. h4 Nf7 16. Bxf7+ Kxf7 17. hxg5 Rhg8 18. Bd2 fxg5 19. Ke2 h6 20. Rh1 Rg6 21.
Rag1 Kg7 22. Rh2 Rf8 1/2-1/2

[Event "Stuttgarter Stadtmeisterschaft"]
[Site "Ditzingen"]
[Date "2008.05.01"]
[Round "2.47"]
[White "Mack, Markus"]
[Black "Wendland, Tobias"]
[Result "1-0"]
[WhiteElo "1599"]
[BlackElo "1423"]
[PlyCount "63"]
[EventDate "2008.05.??"]
[EventType "swiss"]
[EventRounds "7"]
[EventCountry "GER"]

1. d4 e6 2. c4 d5 3. Nf3 c5 4. e3 Nc6 5. Nc3 Nf6 6. Bd3 Bd6 7. O-O O-O 8. a3
Qe7 9. Nb5 Bb8 10. Qe2 a6 11. Nc3 Bd6 12. b3 b6 13. Bb2 Bb7 14. cxd5 exd5 15.
h3 Rfe8 16. Rfe1 Qd7 17. Qc2 Rac8 18. Bf5 Qe7 19. Bxc8 Rxc8 20. Qf5 Na5 21.
dxc5 Bxc5 22. Nd2 Qc7 23. Ne2 Qd6 24. Rab1 Qc6 25. Nf3 Ne4 26. Ng5 Nxg5 27.
Qxg5 f6 28. Bxf6 Kf8 29. Qxg7+ Ke8 30. Qg8+ Kd7 31. Qf7+ Be7 32. Qxe7# 1-0

[Event "Stuttgarter Stadtmeisterschaft"]
[Site "Ditzingen"]
[Date "2008.05.01"]
[Round "2.48"]
[White "Hamm, Lukas"]
[Black "Schäfer-Siebert, Heiko"]
[Result "1-0"]
[WhiteElo "1418"]
[BlackElo "1598"]
[PlyCount "53"]
[EventDate "2008.05.??"]
[EventType "swiss"]
[EventRounds "7"]
[EventCountry "GER"]

1. e4 e5 2. Nf3 Nf6 3. Nxe5 d6 4. Nf3 Nxe4 5. d4 d5 6. Bd3 Bd6 7. O-O O-O 8.
Re1 Nf6 9. Bg5 Bg4 10. Nbd2 c6 11. c3 Nbd7 12. Qc2 h6 13. Bh4 Qc7 14. Bg3 Rfe8
15. c4 dxc4 16. Bxc4 Bxg3 17. hxg3 Bh5 18. Nh2 Nb6 19. Bb3 Qd6 20. Ndf3 Rad8
21. Qf5 Nbd5 22. Rxe8+ Rxe8 23. Ne5 Qe6 24. Qxe6 Rxe6 25. Re1 Bg6 26. Nhf3 Kf8
27. Nxg6+ 1-0

[Event "Stuttgarter Stadtmeisterschaft"]
[Site "Ditzingen"]
[Date "2008.05.01"]
[Round "2.49"]
[White "Schnorr, Christian"]
[Black "Domingos, Antonio"]
[Result "1-0"]
[WhiteElo "1585"]
[BlackElo "1410"]
[PlyCount "133"]
[EventDate "2008.05.??"]
[EventType "swiss"]
[EventRounds "7"]
[EventCountry "GER"]

1. e4 e6 2. d4 d5 3. Nc3 c5 4. dxc5 d4 5. Nb5 Qa5+ 6. Bd2 Qd8 7. Bf4 Na6 8.
Qxd4 Qxd4 9. Nxd4 Nxc5 10. Nb5 Na6 11. Nd6+ Bxd6 12. Bxd6 Nb8 13. Bb5+ Bd7 14.
Bxd7+ Nxd7 15. Nf3 Rc8 16. O-O-O Ngf6 17. Rhe1 Rc6 18. Re2 h6 19. e5 Nd5 20.
Red2 f6 21. Kb1 Rb6 22. Kc1 Kf7 23. c4 Rc8 24. b3 fxe5 25. Bxe5 Nxe5 26. Nxe5+
Kg8 27. Rc2 Nf6 28. Nd7 Nxd7 29. Rxd7 a5 30. Rcd2 Rcc6 31. Rd8+ Kh7 32. R2d7 e5
33. Re8 Rg6 34. g3 a4 35. Kc2 axb3+ 36. axb3 Rgf6 37. Rd2 Rf3 38. Rxe5 Rfxb3
39. Re7 Rb2+ 40. Kd1 Kg6 41. Ke2 Kf6 42. Red7 g5 43. Rxb2 Rxb2+ 44. Kf3 h5 45.
Rd6+ Kf5 46. Rd5+ Kf6 47. Rb5 Rxb5 48. cxb5 Ke5 49. Ke3 Kd5 50. f4 gxf4+ 51.
gxf4 b6 52. h4 Kd6 53. Ke4 Ke6 54. f5+ Kf6 55. Kf4 Kf7 56. Kg5 Kg7 57. Kxh5 Kf6
58. Kg4 Kg7 59. Kg5 Kf7 60. h5 Kg7 61. h6+ Kf7 62. f6 Kg8 63. Kf5 Kh7 64. f7
Kxh6 65. f8=Q+ Kh7 66. Qe7+ Kg8 67. Kg6 1-0

[Event "Stuttgarter Stadtmeisterschaft"]
[Site "Ditzingen"]
[Date "2008.05.01"]
[Round "2.50"]
[White "Schäfer-Siebert, Carsten"]
[Black "Wolf, Adam"]
[Result "1/2-1/2"]
[WhiteElo "1565"]
[BlackElo "1398"]
[PlyCount "70"]
[EventDate "2008.05.??"]
[EventType "swiss"]
[EventRounds "7"]
[EventCountry "GER"]

1. f4 Nf6 2. Nf3 g6 3. Nc3 Bg7 4. e4 d6 5. d4 c5 6. d5 O-O 7. Bd3 Nbd7 8. O-O
a6 9. a4 Qc7 10. Kh1 Rb8 11. Re1 c4 12. Bf1 b5 13. Qe2 Nc5 14. a5 b4 15. Nd1 c3
16. Qc4 cxb2 17. Bxb2 b3 18. cxb3 Rxb3 19. Nd2 Rb5 20. Qc3 Rb7 21. Rc1 Nh5 22.
Qc2 Nxf4 23. Bxg7 Kxg7 24. Qc3+ f6 25. Qe3 g5 26. g3 Ng6 27. Bxa6 Ra7 28. Be2
Qxa5 29. Rg1 Ne5 30. Nf2 h6 31. h4 Rh8 32. hxg5 hxg5+ 33. Kg2 Bd7 34. Rh1 Raa8
35. g4 Ng6 1/2-1/2

[Event "Stuttgarter Stadtmeisterschaft"]
[Site "Ditzingen"]
[Date "2008.05.01"]
[Round "2.51"]
[White "Hartmann, Christian"]
[Black "Aleman, Tilman"]
[Result "1-0"]
[WhiteElo "1543"]
[BlackElo "1351"]
[PlyCount "73"]
[EventDate "2008.05.??"]
[EventType "swiss"]
[EventRounds "7"]
[EventCountry "GER"]

1. d4 Nf6 2. Bg5 e6 3. e3 Be7 4. Bd3 O-O 5. Nd2 d5 6. c3 c5 7. Rc1 c4 8. Bb1
Nc6 9. Qc2 g6 10. h4 Re8 11. Ne2 b5 12. f3 Kg7 13. g4 h6 14. Bf4 Rh8 15. Kf2
Bd6 16. g5 hxg5 17. Bxg5 Be7 18. Rcg1 e5 19. Ng3 e4 20. Bxf6+ Bxf6 21. h5 Bh4
22. Ke2 Qf6 23. Qd1 exf3+ 24. Nxf3 Bg4 25. Qf1 Rae8 26. Kd2 Bxg3 27. Rxg3 Bxh5
28. Qg2 Ne7 29. Rf1 Nf5 30. Ng5 Kf8 31. Bxf5 gxf5 32. Qxd5 a6 33. Rxf5 Qe7 34.
Re5 Qf6 35. Qc5+ Re7 36. Ne4 Qh4 37. Qc8+ 1-0

[Event "Stuttgarter Stadtmeisterschaft"]
[Site "Ditzingen"]
[Date "2008.05.01"]
[Round "3.1"]
[White "Koss, Dietrich"]
[Black "Bulgrin, Uwe"]
[Result "1-0"]
[WhiteElo "1700"]
[BlackElo "1840"]
[PlyCount "113"]
[EventDate "2008.05.??"]
[EventType "swiss"]
[EventRounds "7"]
[EventCountry "GER"]

1. e4 e6 2. d4 d5 3. Nc3 Bb4 4. e5 c5 5. a3 cxd4 6. axb4 dxc3 7. bxc3 Qc7 8.
Qd4 Nc6 9. Bb5 Bd7 10. Bxc6 Bxc6 11. f4 a6 12. Be3 Bb5 13. Qc5 Qd7 14. Qb6 Ne7
15. Bc5 Nc8 16. Qa5 Qc6 17. Qa3 Nb6 18. Nf3 Nc4 19. Qc1 b6 20. Bd4 O-O 21. O-O
a5 22. Re1 a4 23. g4 Ba6 24. f5 exf5 25. gxf5 Bc8 26. Qg5 Qh6 27. Qxh6 gxh6 28.
Nh4 h5 29. Re2 h6 30. Rg2+ Kh7 31. e6 Rg8 32. exf7 Rxg2+ 33. Kxg2 Bd7 34. b5
Nd6 35. Rxa4 Rf8 36. Ra7 Rxf7 37. Be5 Bxb5 38. Ra8 Ne8 39. Rb8 Re7 40. f6 Rxe5
41. f7 Kg7 42. f8=Q+ Kxf8 43. Ng6+ Kf7 44. Nxe5+ Ke7 45. Nd3 Nd6 46. Rxb6 Be8
47. Nf4 Bf7 48. Rc6 Ne4 49. Kf3 Kd7 50. Rxh6 Nxc3 51. Ke3 Nb5 52. Rb6 Nd6 53.
Kd4 Nf5+ 54. Ke5 Ne3 55. Rb7+ Ke8 56. h3 Nxc2 57. Kf6 1-0